Album de Kendrick Lamar - Statistiques

Statistiques générales
  • Ce quiz a été pris 262 fois
  • Le résultat moyen est 7 sur 9
Statistiques - réponses
année titre % Correct
2017 Damn
95%
2012 good kid, m.A.A.d city
93%
2015 To Pimp A Butterfly
93%
2024 GNX
92%
2011 Section.80
78%
2022 Mr. Morale & The Big Steppers
76%
2018 Black Panther
68%
2016 untitled unmastered
51%
2010 Overly Dedicated
48%
Aucun quiz correspondant
Distribution des résultats
% des personnes avec chaque résultat
Percentile par nombre de réponses
Votre historique - résultats
Vous n’avez pas pris ce quiz